Nghiên cứu sử dụng bùn thải ao nuôi cá tra để làm phân hữu cơ : Luận văn Thạc sĩ Khoa học môi trường

Xác định thành phần dinh dưỡng của bùn đáy sau khi bơm lên và quá trình ủ phân, xác định và so sánh hiệu quả phối hợp trộn bùn thải với vật liệu phối trộn là than tràm và than đước sau khi ngâm nước thải Biogas, xác định thời gian phù hợp...

Πλήρης περιγραφή

Αποθηκεύτηκε σε:
Λεπτομέρειες βιβλιογραφικής εγγραφής
Κύριος συγγραφέας: Nguyễn, Lệ Phương
Μορφή: Βιβλίο
Γλώσσα:Undetermined
Έκδοση: Cần Thơ Trường Đại học Cần Thơ 2011
Θέματα:
Ετικέτες: Προσθήκη ετικέτας
Δεν υπάρχουν, Καταχωρήστε ετικέτα πρώτοι!
Thư viện lưu trữ: Trung tâm Học liệu Trường Đại học Cần Thơ
LEADER 01291nam a2200217Ia 4500
001 CTU_169978
008 210402s9999 xx 000 0 und d
082 |a 668.63 
082 |b Ph561 
088 |a 60440301 
100 |a Nguyễn, Lệ Phương 
245 0 |a Nghiên cứu sử dụng bùn thải ao nuôi cá tra để làm phân hữu cơ : 
245 0 |b Luận văn Thạc sĩ Khoa học môi trường 
245 0 |c Nguyễn Lệ Phương ; Nguyễn Hữu Chiếm (Hướng dẫn khoa học) 
260 |a Cần Thơ 
260 |b Trường Đại học Cần Thơ 
260 |c 2011 
520 |a Xác định thành phần dinh dưỡng của bùn đáy sau khi bơm lên và quá trình ủ phân, xác định và so sánh hiệu quả phối hợp trộn bùn thải với vật liệu phối trộn là than tràm và than đước sau khi ngâm nước thải Biogas, xác định thời gian phù hợp cho quá trình ủ phân và xác định hiệu quả của phân sau ủ trong canh tác rau muống 
650 |a Phân hữu cơ,Organic fertilizers 
904 |i Lan Anh, Trúc 
980 |a Trung tâm Học liệu Trường Đại học Cần Thơ